000 00718cam a2200241 a 4500
001 000008896
005 20200929161432.0
008 980521s1997 ec 000 j spa
010 _a98153084
020 _a9978401997
035 _a(DLC) 98153084
035 _a(OCoLC)38694791
040 _aDO-SdBNP
_bspa
_cLC
_dBNPHU
082 _aE863.08
_bS487m
100 1 _aSerrano Sánchez, Raúl,
_d1962-
_923454
245 1 4 _aLas mujeres estan locas por mí /
_cRaúl Serrano Sánchez.
260 _aQuito :
_bEskeletra,
_c1997.
300 _a144 p. ;
_c20 cm.
650 4 _aCuentos ecuatorianos
_xColecciones
_923455
650 4 _aLiteratura ecuatoriana
_93938
910 _aCatalogación por copia / LC
049 _aBNGR
999 _c8665
_d8665